Statistics for Topological Map of the States of Germany

Click here to take the quiz!

General Stats

  • This quiz has been taken 448 times
  • The average score is 13 of 16

Answers on the Map

Answers color-coded by a green-red scale on the quiz's map according to % correct below.
 

Answer Stats

Answer% Correct
Bavaria
96%
Berlin
94%
Brandenburg
88%
Saarland
86%
Baden-Württemberg
85%
Hamburg
85%
Bremen
83%
North Rhine-Westphalia
83%
Mecklenburg-Vorpommern
81%
Saxony
80%
Schleswig-Holstein
80%
Lower Saxony
78%
Rhineland-Palatinate
78%
Hesse
75%
Thuringia
75%
Saxony-Anhalt
66%

Score Distribution

Percentile by Number Answered

Percent of People with Each Score

Your Score History

You have not taken this quiz